Hospitals : Integrated Design /

Đã lưu trong:
Chi tiết về thư mục
Tác giả chính: Rosenfield, Isadore (autor)
Định dạng: Sách
Ngôn ngữ:Tiếng Anh
Được phát hành: Nueva York, EUA : Reinhold, 1951, c1951
Phiên bản:2a edición
Loạt:(Progressive Architecture Library)
Những chủ đề:
Các nhãn: Thêm thẻ
Không có thẻ, Là người đầu tiên thẻ bản ghi này!

MARC

LEADER 00000nam^a2200000^a^4500
001 000189466
005 20250521000000.0
009 20260310102415.162
037 |a Acervo ITESO - Biblioteca 
041 |a ING 
082 |a 720. 973  |b ROS 
100 |a Rosenfield, Isadore  |e (autor) 
245 1 0 |a Hospitals :  |b Integrated Design /  |c I. Rosenfield. 
250 |a 2a edición  |b revisada 
264 4 |a Nueva York, EUA :  |b Reinhold,  |c 1951, c1951 
300 |a 398 p. 
336 |a texto  |b txt  |2 rdacontenido 
337 |a sin mediación  |b n  |2 rdamedio 
338 |a volumen  |b nc  |2 rdasoporte 
440 1 |a (Progressive Architecture Library) 
649 |a XX 
650 |a Hospitales -  |z EUA -  |x Tema Principal 
650 |a Arquitectura Moderna -  |z EUA -  |x Historia y Crítica 
650 |a Arquitectura Norteamericana -  |x Historia y Crítica 
650 |a Arte Moderno -  |z EUA -  |x Historia y Crítica 
650 |a Arte Norteamericano -  |x Historia y Crítica 
910 |a Fondo Julio de la Peña Lomelín 
920 |a Impresos - Libros 
930 |a Arquitectos Jaliscienses 
905 |a 115 
901 |a 0500132704  |b IT1  |c JAL  |u 20250521 
902 |a https://opac.biblio.iteso.mx/vufind/Record/000189466